Statistics for En Çok Şarap Üreten 20 Ülke

Click here to take the quiz!

General Stats

  • This quiz has been taken 317 times
  • The average score is 11 of 20

Answer Stats

Üretim(Ton)Cevap% Correct
4.293.466Fransa
91%
920.200Almanya
89%
327.400Rusya
86%
4.796.900İtalya
84%
4.607.850İspanya
81%
1.700.000Çin
76%
603.327Portekiz
71%
334.300Yunanistan
65%
273.100Brezilya
60%
3.300.000ABD
58%
1.498.380Arjantin
57%
199.869Avusturya
49%
378.283Romanya
44%
1.186.343Avustralya
41%
198.183Sırbistan
40%
1.214.000Şili
39%
258.520Macaristan
37%
1.146.006Güney Afrika
29%
320.400Yeni Zelanda
28%
149.850Moldova
24%

Score Distribution

Percentile by Number Answered

Percent of People with Each Score

Your Score History

You have not taken this quiz